[Event "Werther Schloss op-A 17th"]
[Site "Werther"]
[Date "2011.04.14"]
[Round "1"]
[White "Hess, Christian"]
[Black "Burov, Ilya"]
[Result "1-0"]
[WhiteElo "2239"]
[BlackElo "2121"]
[PlyCount "99"]
[EventDate "2011.04.14"]
[EventType "swiss"]
[EventRounds "7"]
[EventCountry "GER"]
[SourceTitle "CBM 141 Extra"]
[Source "ChessBase"]
[SourceDate "2011.05.03"]
[SourceVersion "1"]
[SourceVersionDate "2011.05.03"]
[SourceQuality "1"]

1. Nf3 e6 2. g3 c5 3. Bg2 Nc6 4. c4 Nf6 5. 0-0 d5 6. cxd5 Nxd5 7. d4 cxd4 8. Nxd4 Nxd4 9. Qxd4 Qb6 10. Qd1 Be7 11. e4 Nb4 12. Be3 Qd6 13. Nd2 0-0 14. a3 Nc6 15. Nc4 Qxd1 16. Rfxd1 e5 17. Nd6 Bxd6 18. Rxd6 Na5 19. Rc1 Be6 20. b4 Nc6 21. Rcd1 Bb3 22. R1d2 Ba4 23. Bf1 a6 24. Bb6 Na7 25. Bxa7 Rxa7 26. Bc4 b5 27. Ba2 a5 28. Rd7 Rxd7 29. Rxd7 axb4 30. axb4 g6 31. Re7 Kg7 32. Rxe5 Kf6 33. Rc5 Re8 34. Bd5 Re7 35. f4 h5 36. Rc6+ Kg7 37. e5 Rd7 38. Rd6 Rc7 39. Rc6 Rd7 40. Rc5 Re7 41. Kf2 g5 42. Ke3 h4 43. Kd4 hxg3 44. hxg3 gxf4 45. gxf4 f6 46. e6 Kg6 47. Be4+ Kh6 48. Bf5 Bb3 49. Rc6 Kh5 50. Rc3 1-0